000 00824nam a2200289Ia 4500
001 11443
003 IT-RoPAU
008 130308s9999 xx 000 0 und d
040 _aIT-RoPAU
040 _cIT-RoPAU
041 _aITALIANO
100 _aLacassin Francis
100 _gCodice Aut. SPICS: 4948
245 _aDa Georges Sim a Georges Simenon
245 _bParaletteratura (La)-Il Melodramma, Il romanzo Popolare, Il Fotoromanzo, Il romanzo Poliziesco, Il Fumetto
250 _a1a ed.
260 _aNAPOLI
260 _bLiguori
260 _c1977 [1° Ed.:1977 - Ed.Ling.Originale:1970]
300 _a"14 p. (prefazione: no ; testo: 14 [pagine: 115-128])"
650 _aSAGGI DI LINGUISTICA
650 _eCodice materia Spics: 3207
942 _cBK
957 _71
999 _c39808
_d39808
999 _bSI
999 _g1